| 000 | 01111cam a2200349 i 4500 | ||
|---|---|---|---|
| 001 | 27618 | ||
| 003 | KOSZ 005 | ||
| 005 | 20211118090649.0 | ||
| 008 | 011207s1977 pl a f |000 0 pol | ||
| 015 | _aPB 1977/5480 | ||
| 040 |
_aWA N _cWA N _dKOSZ 005/HR |
||
| 041 | 0 | _apol | |
| 046 | _k1977 | ||
| 080 | _a625.8 | ||
| 100 | 1 |
_aRolla, Stefan _d(1917-2009) _eAutor |
|
| 245 | 1 | 0 |
_aPrzełomy drogowe i wzmacnianie nawierzchni / _cStefan Rolla. |
| 250 | _aWyd. 2. | ||
| 260 |
_aWarszawa : _bWydawnictwa Komunikacji i Łączności, _c1977. |
||
| 300 |
_a242, [1] s. : _bil., mapy, tab., wykr. ; _c24 cm. |
||
| 380 | _aKsiążki | ||
| 388 | _a1901-2000 | ||
| 388 | _a1945-1989 | ||
| 504 | _aBibliogr. | ||
| 650 | 4 | _aDrogi | |
| 650 | 4 | _aRemont | |
| 658 | _aArchitektura i budownictwo | ||
| 658 | _aTransport i logistyka | ||
| 650 | 4 | _aBudownictwo infrastrukturalne | |
| 710 | 2 |
_aWydawnictwa Komunikacji i Łączności _4pbl. |
|
| 856 |
_uhttp://koha.tu.koszalin.pl/cgi-bin/koha/opac-detail.pl?biblionumber=27618 _yKatalog online BPK |
||
| 942 |
_2UKD _cKS |
||
| 999 |
_c27618 _d27618 |
||